000 00515nam a2200109Ia 4500
008 160712s9999 xx 000 0 und d
245 _aLiving and Learning in Rural Southeast Asia: The Program Where Academe, Scientists, Farmers, and Policymakers Converged to Promote Farmers’ Rights and Biodiversity
260 _c2011
_bKasarinlan Philippine Journal of Third World Studies
300 _avol. 26 no. 1-2
650 _xINDEPENDENCE
856 _uhttp://journals.upd.edu.ph/index.php/kasarinlan/issue/view/331/showToc
999 _c297613
_d297613